|
|
|
|
| LEADER |
00000cam a2200000 a 4500 |
| 001 |
vtls001351620 |
| 003 |
SK-MaSNL |
| 005 |
20260302070921.0 |
| 008 |
240313s1987 xr g 0000m cze |
| 035 |
|
|
|a SNK000304984
|
| 040 |
|
|
|a SNK
|b slo
|c SNK
|e AACR2
|
| 041 |
1 |
|
|a cze
|h fre
|
| 044 |
|
|
|a xr
|c CZ
|
| 080 |
|
|
|a 821.133.1(494)-1
|2 2001
|
| 080 |
|
|
|a 929
|2 2001
|
| 100 |
1 |
|
|a Cendrars, Blaise,
|d 1887-1961
|4 aut
|9 120238
|
| 240 |
1 |
0 |
|a Du monde entier au coeur du monde
|l Česky
|
| 245 |
1 |
0 |
|a Panama, aneb, Dobrodružství mých sedmi strýců
|c Blaise Cendrars ; z francouzštiny přeložili a doslovem opatřili Jarmila a Vlastimil Fialovi
|
| 246 |
3 |
|
|a Dobrodružství mých sedmi strýců
|
| 250 |
|
|
|a 1. vyd.
|
| 260 |
|
|
|a Praha
|b Odeon
|c 1987
|
| 300 |
|
|
|a 130 s.
|c 7 x 9 cm
|
| 366 |
|
|
|e 300 výtl.
|
| 600 |
1 |
7 |
|a Cendrars, Blaise,
|d 1887-1961
|2 SNKMA
|9 120238
|
| 655 |
|
7 |
|a švajčiarska poézia (francúzsky)
|2 SNKPH
|9 249751
|
| 655 |
|
7 |
|a štúdie
|2 SNKPH
|9 57033
|
| 655 |
|
7 |
|a výbery
|2 SNKPH
|9 67620
|
| 700 |
1 |
|
|a Fialová, Jarmila,
|d 1925-2016
|4 trl
|4 aft
|9 209128
|
| 700 |
1 |
|
|a Fiala, Vlastimil,
|d 1920-1993
|4 trl
|4 aft
|9 209133
|
| 852 |
|
|
|a Slovenská národná knižnica
|
| 954 |
|
|
|a beletria cudzojazyčná (svetová)
|2 lita
|
| 958 |
|
|
|a OND
|
| 999 |
|
|
|c 1149621
|d 1151551
|
| 952 |
|
|
|t P60, <04>, [BOOK], {604}
|a SNK
|b SNK
|y VYP
|7 0
|p 17A0175041
|o snkIE 8866 D1
|0 0
|1 1
|4 0
|d 1999-01-05
|l 0
|r 2005-01-02 00:00:00
|w 2026-02-24
|